Living spirit literature and resurgence in Okinawa
Salvato in:
| Natura: | Libro |
|---|---|
| Lingua: | Undetermined |
| Pubblicazione: |
American
University of Hawai'i Press
2011
|
| Soggetti: | |
| Tags: |
Aggiungi Tag
Nessun Tag, puoi essere il primo ad aggiungerne! !
|
| Thư viện lưu trữ: | Trung tâm Học liệu Trường Đại học Cần Thơ |
|---|
| LEADER | 00598nam a2200181Ia 4500 | ||
|---|---|---|---|
| 001 | CTU_169291 | ||
| 008 | 210402s9999 xx 000 0 und d | ||
| 082 | |a 808 | ||
| 082 | |b L786 | ||
| 245 | 0 | |a Living spirit literature and resurgence in Okinawa | |
| 245 | 0 | |c Frank Stewart ( editor ) ; Katsunori Yamazato ( guest editor ) | |
| 260 | |a American | ||
| 260 | |b University of Hawai'i Press | ||
| 260 | |c 2011 | ||
| 650 | |a Literature,Văn học | ||
| 650 | |x History and criticism,Lịch sử và phê bình | ||
| 904 | |i Lien,Qhieu | ||
| 980 | |a Trung tâm Học liệu Trường Đại học Cần Thơ | ||